=LDR 00000nam 2200000 4500 =001 INLIS000000000023829 =005 20130612122445 =008 ***********************************Ind** =035 ##$$0010-061300000023829 =041 ##$$a Ind =082 ##$$a 635 =090 ##$$a 635, Suk c =100 ##$$a Sukara, Endang =245 ##$$a Cara menanam jamur merang, Endang Sakura =260 ##$$a 21 cm $b 38 hlm =650 ##$$a Jamur merang =850 ##$$a NBPNMAT